Ordenación bancaria de España (Record no. 110219)

MARC details
000 -LEADER
campo de control de longitud fija 00779nam a2200181 i 4500
001 - NÚMERO DE CONTROL
campo de control 110219
003 - IDENTIFICADOR DE NÚMERO DE CONTROL
campo de control ES-MaACL
005 - FECHA Y HORA DE LA ÚLTIMA TRANSACCIÓN
campo de control 20250808083517.0
008 - DATOS DE LONGITUD FIJA--INFORMACIÓN GENERAL
campo de control de longitud fija 061121s1921 sp |||| | spa d
100 1# - ENTRADA PRINCIPAL--NOMBRE DE PERSONA
Nombre de persona Cambó, Francesc,
Fechas asociadas al nombre 1876-1947
9 (RLIN) 34032
245 10 - MENCIÓN DEL TÍTULO
Título Ordenación bancaria de España
Resto del título : antecedentes y elementos para el estudio del problema bancario español : proyecto de ley de D. Francisco de A. Cambó sobre régimen ulterior de la banca de emisión y de la banca privada.
260 ## - PUBLICACIÓN, DISTRIBUCIÓN, ETC.
Lugar de publicación, distribución, etc. Madrid :
Nombre del editor, distribuidor, etc. Ministerio de Hacienda,
Fecha de publicación, distribución, etc. 1921 (
Fabricante Gráf. reunidas)
300 ## - DESCRIPCIÓN FÍSICA
Extensión 13 part. en 1 v. ;
Dimensiones 28 cm.
650 #7 - PUNTO DE ACCESO ADICIONAL DE MATERIA--TÉRMINO DE MATERIA
Término de materia o nombre geográfico como elemento de entrada Derecho bancario-
Subdivisión geográfica España
Fuente del encabezamiento o término
9 (RLIN) 169653
710 1# - ENTRADA AGREGADA--NOMBRE DE ENTIDAD CORPORATIVA
Nombre de entidad corporativa o nombre de jurisdicción como elemento de entrada España.
Unidad subordinada Ministerio de Hacienda.
9 (RLIN) 3874
852 ## - LOCALIZACIÓN
Ubicación ES-MaACL
Número de control de estantería G-3310
Holdings
Estatus retirado Estado de pérdida Estado de daño No para préstamo Biblioteca de origen Biblioteca actual Ubicación en estantería Fecha de adquisición Fuente de adquisición Total de préstamos Signatura topográfica completa Código de barras Visto por última vez Precio de reemplazo Tipo de ítem Koha
        Biblioteca del Ateneo de Madrid Biblioteca del Ateneo de Madrid Depósito 2 17/01/2008     G-3310 1114991 23/02/2023 23/02/2023 Libro impreso